000 00590nam a2200193 i 4500
001 42141
003 ES-MaACL
005 20250714235853.0
007 t|
008 030312s1925 it ||||1| ita d
100 1 _aCastiglioni, Arturo.
_936637
245 1 3 _aIl volto di Ippocrate
_b: istorie di medici e medicine d'altri tempi /
_cArturo Castiglioni.
260 _aMilano :
_bUnitas,
_c1925 (
_fStampa periodica)
300 _a390 p. :
_bil. ;
_c25 cm.
600 0 4 _aHipócrates.
_963793
650 0 4 _aMedicina-
_vHistoria
_914907
852 _aES-MaACL
_jF-44
999 _c42141
_d42141